000 01743nam0a2200361 i 4500
001 RU\NLR\bibl\1943161
005 20260406154051.0
010 _a9785346020646
_93000
021 _aRU
_b2012-58748
_94301
035 _a(NLR Aleph) 001932419
090 _a3453953
_c3453953
100 _a20120910d2012 e y0rusy50 ca
101 0 _arus
102 _aRU
105 _aa |||||||||
200 1 _aАлгебра и начала математического анализа
_e11 [класс]
_eучебник для учащихся общеобразовательных учреждений
_e(профильный уровень)
_fН.Я. Виленкин, О.С. Ивашев-Мусатов, С.И. Шварцбурд
205 _a16-е изд., стер.
210 _aМосква
_cМнемозина
_d2012
215 _a303 с.
_cил.
_d22
320 _aПредм. указ.: с. 299-300
606 _aАлгебра
_jУчебники для средней школы
_9922117
_3RU\NLR\auth\6619328
606 1 _aМатематический анализ
_jУчебники для средней школы
_9963473
_3RU\NLR\auth\6641277
686 _aВ151я721-1
686 _aВ161.1я721-1
700 1 _4070
_8rus
_7ca
_aВиленкин
_bН. Я.
_f1920-1991
_gНаум Яковлевич
_3RU\NLR\auth\776772
_9116720
701 1 _4070
_8rus
_7ca
_aИвашев-Мусатов
_bО. С.
_f1927-
_gОлег Сергеевич
_3RU\NLR\auth\779995
_9119782
701 1 _4070
_8rus
_7ca
_aШварцбурд
_bС.И.
_f1918-1996
_gСемен Исаакович
_3RU\NLR\auth\7720931
_93997
801 0 _aRU
_bNLR
_c20120910
_gRCR
801 1 _aRU
_bNLR
_c20120910
830 _aавт. по базе
942 _cBOOK
980 _aNBR